Historia por Letra - U - Estadísticas

Estadísticas generales
  • Esta prueba ha sido intentada 3.202 veces
  • La puntuación promedio es 7 de 15
Estadísticas de respuestas
Pista Respuesta % Correcto
La superpotencia de la Guerra Fría Unión Soviética
96%
Oficialmente independiente desde 1917, sólo ha sido verdaderamente independiente desde la ruptura de la respuesta anterior en 1991 Ucrania
85%
La sociedad perfecta imaginada por Tomás Moro Utopia
79%
El país que fue gobernado por Idi Amin Uganda
74%
La primera ________ del mundo se abrió en Bolonia en 1088 Universidad
62%
La ciudad neerlandesa que fue importante en la Edad Media Utrecht
47%
La novela de James Joyce que una vez fue considerada obscena Ulises
43%
Destino de los pioneros mormones Utah
42%
Nombre de 8 papas Urbano
39%
Histórica provincia de Irlanda con la Mano Roja, cuyos unionistas obtuvieron 6 condados al final de la Guerra de la Independencia. Úlster
31%
Submarino militar alemán U-Boot
28%
¿Qué descubrió William Herschel el 26 de abril de 1781? Urano
26%
Apodo del bombardero de correo Ted Kaczynski Unabomber
21%
Batalla ganada por Napoleón I sobre el ejército austriaco en 1805, en la ciudad del mismo nombre, situada en el sur de la actual Alemania Ulm
20%
La colonia fenicia y el nombre de una ciudad de Nueva York Utica
9%
No se encontraron pruebas coincidentes
Distribución de puntuación
Porcentaje de gente con cada puntuación
Porcentaje por número respondido
Historial de tus puntuaciones
No has intentado esta prueba.